000 00337cam a22001217a 4500
008 180718b1960 xxu||||| |||| 00| 0 eng d
082 _aD212x68 H766
100 _aHooper, Charles
245 _aBrief authority
_cby Charles Hooper
260 _aLondon
_bCollins
_c1960
300 _a384p.
650 _aTransvaal (South Africa) --Native races
999 _c368590
_d368590